000 02388nam1a2200361 i 4500
001 RU\NLR\bibl\162004
005 20260407131213.0
035 _a(NLR Aleph) 000158908
090 _a913657
_c913657
100 _a20010609g19 9999u y0rusy50 ca
101 0 _arus
102 _aRU
105 _aa j |||||
200 1 _aОсновы инноватики
_eУчеб. пособие для студентов вузов, обучающихся по специализации (или спец.) "Упр. инновац. проектами", "Инновац. менеджмент", "Упр. инновациями"
_f[Портников Борис Александрович, к.т.н., проф., Султанов Наиль Закиевич, д.т.н., проф., Султанов Марат Наильевич и др.]
_gПод науч. ред. к.т.н., проф. Б.А. Портникова
_gМ-во образования Рос. Федерации, Оренбург. гос. ун-т
210 _aОренбург
_cОГУ
_d2000
215 _d22
300 _aНа обл. авт.: Б.А. Портников
463 0 _1001159154
463 0 _1001164436
606 _aИнновационная деятельность
_jРуководства, пособия и т.п. для высшей школы
_92104761
_3RU\NLR\auth\661272548
606 _aИнновационная деятельность
_jУчебные издания для высшей школы
_92104761
_3RU\NLR\auth\661272548
606 _aМенеджмент инновационный
_jРуководства, пособия и т.п. для высшей школы
_92086651
_3RU\NLR\auth\661262795
606 _aМенеджмент инновационный
_jУчебные издания для высшей школы
_92086651
_3RU\NLR\auth\661262795
686 _aУ9(2)-55-21(2Р)я73
701 1 _aПортников
_bБ. А.
_gБорис Александрович
_4070
701 1 _aСултанов
_bН. З.
_gНаиль Закиевич
_4070
701 1 _aСултанов
_bМ. Н.
_gМарат Наильевич
_4070
712 0 2 _4570
_aОренбургский государственный университет
_3RU\NLR\AUTH\889983002
_9461907
801 0 _aRU
_bNLR
_c20010609
_gPSBO
801 1 _aRU
_bNLR
_c20010609
852 _aNLR
_j2001-5/1408
942 _cBOOK